000 00284nam a2200121Ia 4500
005 20251222140054.0
008 251222s1900||||xx |||||||||||||| ||spa||
082 _a116/C92
100 _aCrusafont Pairó, Miguel & otros
245 0 _aLa Evolución
264 _bCatólica
942 _cLIB
999 _c3705
_d3705